Business Proces Management through the Combined BSC-DEA Approach
Salvato in:
| Autore principale: | |
|---|---|
| Altri autori: | |
| Natura: | Capitolo di libro |
| Lingua: | inglese |
| Soggetti: | |
| Tags: |
Nessun Tag, puoi essere il primo ad aggiungerne!!
|
MARC
| LEADER | 00000nla a2200000 4500 | ||
|---|---|---|---|
| 001 | 0234081 | ||
| 005 | 20240502073811.4 | ||
| 041 | 0 | |a eng | |
| 044 | |a SK | ||
| 245 | 1 | 0 | |a Business Proces Management through the Combined BSC-DEA Approach |c Lenka Štofová, Petra Szaryszová |
| 500 | |a Abstrakt | ||
| 610 | 2 | 0 | |a podnik výrobný |
| 610 | 2 | 0 | |a efektívnosť |
| 610 | 2 | 0 | |a výkonnosť podniku |
| 610 | 2 | 0 | |a meranie výkonnosti |
| 610 | 2 | 0 | |a metóda BSC |
| 610 | 2 | 0 | |a analýza obaľovania dát |
| 610 | 2 | 0 | |a manažment strategický |
| 100 | 1 | |a Štofová, Lenka, 1989- | |
| 700 | 1 | |a Szaryszová, Petra, 1984- | |